Places in Staffordshire - sudden death - Statistics

General Stats
  • This quiz has been taken 19 times
  • The average score is 10 of 24
Answers on the Grid
Answers color-coded by a green-red scale on the quiz's grid according to % correct below.
Cambridge
Middlesbrough
Hull
Stoke-on-Trent
Melbourne
Alton Towers
Southampton
Charlotte
Lowestoft
Stafford
Snowdonia
Watford
Newcastle-under-Lyme
A vineyard
Luton
Cannock
Rugby
Tamworth
Stone
Lichfield
Uttoxeter
The midpoint of England
Burton-on-Trent
An airport with scheduled flights
Leek
Harwich
Little Aston
Rainham
Millennium Stadium
Wombourne
Draycott in the Moors
Parrot's Drumble
Rhiwbina
Twyford
Nether Wallop
Lemmy's birthplace
Milltimber
Talke Pits
Threapwood
Keele services
Stoke d'Abernon
Croxden Quarry
Baildon
Kidsgrove
Slash's birthplace
Charnock Richard services
Hilton Park services
Vale Park
 
Answer Stats
Answer % Correct
Newcastle-under-Lyme
85%
Stafford
85%
Stoke-on-Trent
77%
Alton Towers
69%
Lichfield
69%
Uttoxeter
69%
Burton-on-Trent
62%
Cannock
62%
Stone
62%
Leek
54%
Tamworth
54%
M6 Keele services
38%
Port Vale F.C. (Burslem, Stoke-on-Trent) Vale Park
38%
A vineyard
23%
Croxden Quarry
23%
Kidsgrove
23%
Talke Pits
23%
M6 Hilton Park services
15%
Little Aston
15%
Burslem area of Stoke-on-Trent Lemmy's birthplace
8%
Threapwood
8%
Draycott in the Moors
0%
Nature reserve Parrot's Drumble
0%
Wombourne
0%
No matching quizzes found
Score Distribution
Percent of People with Each Score
Percentile by Number Answered
Your Score History
You have not taken this quiz